[Event "Wiesbaden op 29th"]
[Site "Wiesbaden"]
[Date "2017.08.27"]
[Round "7"]
[White "Lorenz, Hermann"]
[Black "Raima, Jan"]
[Result "1-0"]
[WhiteElo "1629"]
[BlackElo "774"]
[PlyCount "75"]
[EventDate "2017.08.24"]
[EventType "swiss"]
[EventRounds "7"]
[EventCountry "GER"]
[SourceTitle "CBM 180 Extra"]
[Source "ChessBase"]
[SourceDate "2017.10.06"]
[SourceVersion "1"]
[SourceVersionDate "2017.10.06"]
[SourceQuality "1"]

1. c4 b6 2. Nc3 Ba6 3. b3 Bb7 4. Nf3 g6 5. g3 Bg7 6. Bg2 Nf6 7. 0-0 0-0 8. Bb2 d6 9. d4 Nbd7 10. Re1 e6 11. e4 Re8 12. Qc2 e5 13. d5 Qc8 14. Rad1 Qb8 15. Bc1 Rd8 16. Bd2 Kf8 17. Qc1 Ng8 18. Ng5 h6 19. Nh3 Ndf6 20. f4 exf4 21. Nxf4 Bc8 22. Rf1 Bg4 23. Rde1 Qc8 24. Rf2 Re8 25. Be3 g5 26. Nd3 Re7 27. Bd4 Qd7 28. e5 Nh7 29. e6 Qc8 30. Bxg7+ Kxg7 31. Ref1 Nhf6 32. Ne4 Bh5 33. Nxf6 Nxf6 34. Rxf6 Qg8 35. Qc3 Kf8 36. Rxh6 Bg6 37. Rh8 Qxh8 38. Qxh8# 1-0

[Event "Wiesbaden op 29th"]
[Site "Wiesbaden"]
[Date "2017.08.25"]
[Round "3"]
[White "Deppe, Leo Max"]
[Black "Lorenz, Hermann"]
[Result "1-0"]
[WhiteElo "1846"]
[BlackElo "1629"]
[PlyCount "61"]
[EventDate "2017.08.24"]
[EventType "swiss"]
[EventRounds "7"]
[EventCountry "GER"]
[SourceTitle "CBM 180 Extra"]
[Source "ChessBase"]
[SourceDate "2017.10.06"]
[SourceVersion "1"]
[SourceVersionDate "2017.10.06"]
[SourceQuality "1"]

1. d4 Nf6 2. c4 g6 3. Nc3 d5 4. Nf3 Bg7 5. e3 0-0 6. cxd5 Nxd5 7. Bc4 Nxc3 8. bxc3 c5 9. 0-0 Bg4 10. h3 Bf5 11. Qb3 Qc7 12. Ng5 e5 13. e4 Bc8 14. d5 h6 15. Nf3 Nd7 16. Nh4 Kh7 17. Be3 a6 18. a4 Rb8 19. d6 Qxd6 20. Bxf7 Nb6 21. Bxg6+ Kh8 22. Bh5 Rf6 23. Rad1 Be6 24. Rxd6 Bxb3 25. Rxf6 Bxf6 26. Ng6+ Kg7 27. Rb1 Bc2 28. Rxb6 Bxe4 29. Nxe5 Bg5 30. Bxc5 Rd8 31. Nf7 1-0

[Event "Wiesbaden op 29th"]
[Site "Wiesbaden"]
[Date "2017.08.25"]
[Round "2"]
[White "Pauly, Markus"]
[Black "Lorenz, Hermann"]
[Result "1/2-1/2"]
[WhiteElo "1812"]
[BlackElo "1629"]
[PlyCount "103"]
[EventDate "2017.08.24"]
[EventType "swiss"]
[EventRounds "7"]
[EventCountry "GER"]
[SourceTitle "CBM 180 Extra"]
[Source "ChessBase"]
[SourceDate "2017.10.06"]
[SourceVersion "1"]
[SourceVersionDate "2017.10.06"]
[SourceQuality "1"]

1. c4 Nf6 2. Nc3 g6 3. g3 Bg7 4. Bg2 0-0 5. d3 d6 6. Bg5 h6 7. Bd2 e5 8. e4 Nc6 9. Nge2 Be6 10. Nd5 a5 11. 0-0 Bxd5 12. cxd5 Nb4 13. d4 exd4 14. Nxd4 Re8 15. f3 Nd3 16. Bc3 Nc5 17. Qd2 a4 18. Rae1 Nfd7 19. Kh1 Kh7 20. Nb5 f6 21. f4 Ra6 22. Rf2 Nb6 23. Na3 Nbd7 24. Rfe2 h5 25. Bd4 b6 26. Qc3 Re7 27. Nc2 Ra8 28. Nb4 Rf7 29. Nc6 Qf8 30. e5 fxe5 31. fxe5 dxe5 32. Nxe5 Nxe5 33. Bxc5 bxc5 34. Rxe5 Qh8 35. Bh3 Bxe5 36. Rxe5 Re8 37. Be6 Qf6 38. Re1 Qxc3 39. bxc3 Rf3 40. Re4 Rxc3 41. Rxa4 Re7 42. Ra6 Rc2 43. Rc6 Rxa2 44. Rxc5 Rb2 45. Rc6 Kg7 46. Kg1 Rb6 47. Rc2 Kf6 48. Kf2 Rbxe6 49. dxe6 Kxe6 50. Rc6+ Kf5 51. Kf3 Rf7 52. Rc5+ 1/2-1/2

[Event "Hofheim Spring op-B 5th"]
[Site "Hofheim"]
[Date "2017.04.08"]
[Round "3"]
[White "Heymann, Walter"]
[Black "Lorenz, Hermann"]
[Result "1/2-1/2"]
[WhiteElo "1833"]
[BlackElo "1647"]
[PlyCount "66"]
[EventDate "2017.04.07"]
[EventType "swiss"]
[EventRounds "9"]
[EventCountry "GER"]
[SourceTitle "CBM 178 Extra"]
[Source "ChessBase"]
[SourceDate "2017.06.22"]
[SourceVersion "1"]
[SourceVersionDate "2017.06.22"]
[SourceQuality "1"]

1. f4 d5 2. b3 Nf6 3. Bb2 g6 4. e3 Bg7 5. d4 0-0 6. Nf3 Bf5 7. Be2 c5 8. c3 cxd4 9. cxd4 Qa5+ 10. Bc3 Qc7 11. Bb4 Nc6 12. Bd2 Ne4 13. 0-0 Nxd2 14. Qxd2 Rac8 15. Rc1 Qb6 16. Nc3 Be4 17. Ng5 Nxd4 18. Ngxe4 Nxe2+ 19. Qxe2 dxe4 20. Nd5 Qe6 21. Rxc8 Rxc8 22. Rd1 Bf8 23. b4 Qc6 24. g4 Qa4 25. Rd2 Kg7 26. g5 Rc1+ 27. Kg2 a6 28. h4 e6 29. Nf6 Qxb4 30. Rb2 Qc3 31. Rd2 b5 32. Nxe4 Qc6 33. Qf3 Rc2 1/2-1/2

[Event "Wiesbaden op 27th"]
[Site "Wiesbaden"]
[Date "2015.08.27"]
[Round "1"]
[White "Karsay, Pascal"]
[Black "Lorenz, Hermann"]
[Result "1-0"]
[WhiteElo "2071"]
[BlackElo "1668"]
[PlyCount "65"]
[EventDate "2015.08.27"]
[EventType "swiss"]
[EventRounds "7"]
[EventCountry "GER"]
[SourceTitle "EXT 2016"]
[Source "ChessBase"]
[SourceDate "2015.10.08"]
[SourceVersion "1"]
[SourceVersionDate "2015.10.08"]
[SourceQuality "1"]

1. e4 d6 2. d4 Nf6 3. Nc3 g6 4. g3 Bg7 5. Bg2 0-0 6. Nge2 Nbd7 7. 0-0 e5 8. h3 b6 9. f4 Rb8 10. fxe5 dxe5 11. d5 Nc5 12. b4 Nb7 13. Be3 Nd6 14. Qc1 Ba6 15. Rf2 Qd7 16. g4 Bxe2 17. Rxe2 Nxg4 18. hxg4 Qxg4 19. Qf1 f5 20. Qf3 Qxf3 21. Bxf3 f4 22. Bd2 h5 23. Kh1 Kf7 24. Rg1 Rh8 25. Nd1 Bf6 26. Rh2 Rbg8 27. Nf2 Rh7 28. a4 Rgh8 29. Nh3 Rg7 30. Ng5+ Bxg5 31. Rxg5 Kf6 32. Rxe5 Nc4 33. Re6+ 1-0

[Event "Hofheim Spring op-B 3rd"]
[Site "Hofheim"]
[Date "2015.04.08"]
[Round "2"]
[White "Lorenz, Hermann"]
[Black "Deppe, Leo Max"]
[Result "1/2-1/2"]
[WhiteElo "1697"]
[BlackElo "1602"]
[PlyCount "52"]
[EventDate "2015.04.07"]
[EventType "swiss"]
[EventRounds "9"]
[EventCountry "GER"]
[SourceTitle "CBM 166 Extra"]
[Source "ChessBase"]
[SourceDate "2015.06.18"]
[SourceVersion "1"]
[SourceVersionDate "2015.06.18"]
[SourceQuality "1"]

1. c4 Nf6 2. g3 g6 3. Bg2 Bg7 4. Nf3 0-0 5. Nc3 d6 6. 0-0 Nbd7 7. d4 c6 8. Re1 Qc7 9. e4 e5 10. d5 Rd8 11. Rb1 a6 12. a4 cxd5 13. Nxd5 Nxd5 14. cxd5 a5 15. Be3 Nc5 16. Rc1 b6 17. Nd2 Ba6 18. Nc4 Bxc4 19. Rxc4 Qd7 20. Qc2 Rab8 21. Rc1 h5 22. h4 Qg4 23. Kh2 Kh7 24. Bh3 Qf3 25. Bg2 Qg4 26. Bh3 Qf3 1/2-1/2

[Event "Rheinland Pfalz op 6th"]
[Site "Gau Algesheim"]
[Date "2014.06.20"]
[Round "3"]
[White "Lorenz, Hermann"]
[Black "Klein, Gernot"]
[Result "0-1"]
[WhiteElo "1697"]
[BlackElo "1925"]
[PlyCount "90"]
[EventDate "2014.06.19"]
[EventType "swiss"]
[EventRounds "7"]
[EventCountry "GER"]
[SourceTitle "CBM 161 Extra"]
[Source "ChessBase"]
[SourceDate "2014.08.29"]
[SourceVersion "1"]
[SourceVersionDate "2014.08.29"]
[SourceQuality "1"]

1. c4 e6 2. g3 d5 3. Bg2 c6 4. b3 Nf6 5. Bb2 Be7 6. e3 0-0 7. Ne2 c5 8. 0-0 Nc6 9. d4 Qc7 10. Nbc3 dxc4 11. bxc4 Rd8 12. d5 Ne5 13. Nb5 Qb8 14. Rc1 a6 15. Na3 exd5 16. cxd5 Bd6 17. f4 Neg4 18. Qd3 b5 19. e4 c4 20. Qf3 Bc5+ 21. Nd4 Qb6 22. Rfd1 Nh6 23. h3 Kf8 24. Kh1 Bb7 25. Nac2 b4 26. a3 a5 27. Ba1 Re8 28. Qe3 Nxd5 29. Qd2 c3 30. Qd3 Ba6 31. Qf3 Ne7 32. Nb3 Rad8 33. axb4 axb4 34. Rb1 Rxd1+ 35. Qxd1 Rd8 36. Qh5 Bd6 37. e5 Bc7 38. e6 Bc4 39. Nc5 Bxe6 40. Bxc3 b3 41. Rxb3 Bxb3 42. Nd4 Bd5 43. Bxd5 Rxd5 44. Qxd5 Qb1+ 45. Kh2 Nxd5 0-1

[Event "Wiesbaden op 25th"]
[Site "Wiesbaden"]
[Date "2013.08.24"]
[Round "5"]
[White "Lorenz, Hermann"]
[Black "Giesselbach, Christian"]
[Result "0-1"]
[WhiteElo "1673"]
[BlackElo "1061"]
[PlyCount "59"]
[EventDate "2013.08.22"]
[EventType "swiss"]
[EventRounds "7"]
[EventCountry "GER"]
[SourceTitle "EXT 2014"]
[Source "ChessBase"]
[SourceDate "2013.11.20"]
[SourceVersion "1"]
[SourceVersionDate "2013.11.20"]
[SourceQuality "1"]

1. c4 c5 2. g3 Nf6 3. Bg2 g6 4. Nc3 Bg7 5. Nf3 Nc6 6. 0-0 0-0 7. Rb1 d6 8. a3 Bf5 9. d3 Qd7 10. Re1 Rad8 11. Qc2 Rfe8 12. b4 Nd4 13. Nxd4 cxd4 14. Nb5 e5 15. Nxa7 e4 16. Bb2 exd3 17. exd3 Ng4 18. Nb5 b6 19. Bxd4 Rc8 20. Bxg7 Kxg7 21. Nd4 Rxe1+ 22. Rxe1 Ne5 23. Nxf5+ Qxf5 24. Re4 d5 25. Rf4 Qxd3 26. Qxd3 Nxd3 27. Rd4 dxc4 28. Rd7 c3 29. Bd5 Ne5 30. Rb7 0-1

[Event "Wiesbaden op 25th"]
[Site "Wiesbaden"]
[Date "2013.08.23"]
[Round "3"]
[White "Beck, Michael"]
[Black "Lorenz, Hermann"]
[Result "1-0"]
[WhiteElo "1930"]
[BlackElo "1673"]
[PlyCount "69"]
[EventDate "2013.08.22"]
[EventType "swiss"]
[EventRounds "7"]
[EventCountry "GER"]
[SourceTitle "EXT 2014"]
[Source "ChessBase"]
[SourceDate "2013.11.20"]
[SourceVersion "1"]
[SourceVersionDate "2013.11.20"]
[SourceQuality "1"]

1. Nf3 Nf6 2. c4 g6 3. d4 Bg7 4. Nc3 d5 5. cxd5 Nxd5 6. e4 Nxc3 7. bxc3 c5 8. Be3 Nc6 9. Qd2 cxd4 10. cxd4 0-0 11. Rc1 Bd7 12. Be2 Rc8 13. 0-0 Qa5 14. Qxa5 Nxa5 15. d5 e6 16. Bd2 b6 17. Ba6 Rb8 18. Rc7 Ba4 19. Bb4 Rfe8 20. Rfc1 exd5 21. exd5 Bb2 22. Rb1 Be5 23. Rxa7 Rbd8 24. Nxe5 Rxe5 25. Bxa5 bxa5 26. Bb7 Bc2 27. Rc1 Bf5 28. Rxa5 Rd7 29. Bc6 Rc7 30. Ra8+ Kg7 31. Rd1 Bc2 32. Rc1 Be4 33. Re1 Rce7 34. f4 Rf5 35. d6 1-0

[Event "Wiesbaden op 24th"]
[Site "Wiesbaden"]
[Date "2012.08.25"]
[Round "5"]
[White "Gebben, Alwin"]
[Black "Lorenz, Hermann"]
[Result "1-0"]
[WhiteElo "1902"]
[BlackElo "1691"]
[PlyCount "65"]
[EventDate "2012.08.23"]
[EventType "swiss"]
[EventRounds "7"]
[EventCountry "GER"]
[SourceTitle "CBM 150 Extra"]
[Source "ChessBase"]
[SourceDate "2012.10.19"]
[SourceVersion "1"]
[SourceVersionDate "2012.10.19"]
[SourceQuality "1"]

1. e4 d6 2. d4 Nf6 3. Nc3 g6 4. Nf3 Bg7 5. h3 0-0 6. Be3 c6 7. a4 Na6 8. Be2 Nc7 9. Qd2 Re8 10. Rd1 Rb8 11. 0-0 b5 12. axb5 Nxb5 13. Nxb5 cxb5 14. Bd3 a6 15. c3 Bb7 16. d5 e5 17. Ne1 Bc8 18. Nc2 a5 19. Ra1 Bd7 20. Ra2 a4 21. Nb4 Qc8 22. Kh2 Rf8 23. Rc1 Nh5 24. c4 bxc4 25. Rxc4 Qe8 26. Nc6 Rc8 27. Qc2 Nf4 28. Raxa4 Nxd3 29. Qxd3 f5 30. f3 fxe4 31. fxe4 Bxc6 32. dxc6 Rxc6 33. Qd5+ 1-0